000 00839cam a2200253 4500
001 M82792
008 090401t1997 xxu||||| |||| 00| 0 eng d
035 _a(Sirsi) u77150
041 _aeng
050 _a333.0062
_c18
110 _aRoyal Institution of Chartered Surveyors
_94900
245 4 _aThe chartered surveyors' rule book - rules of conduct for chartered surveyors
_bupdate : amendments agreed by General Council on 3 February 1997.
260 _aLondon
_bRICS
_c1997
300 _a1 sheet
_c21cm.
490 _aRICS Rules of Conduct
490 _aRICS Chartered Surveyors' Rule Book
650 _aPROFESSIONAL CONDUCT
650 _aRICS BYE-LAWS
650 _aRICS REGULATIONS
650 _aRICS RULES OF CONDUCT
690 _aMANAGEMENT-BUSINESS MANAGEMENT-PROFESSIONAL PRACTICE
942 _n0
948 _c17/03/1997
999 _c96285
_d96285